Detalles de la ascensión libre del globo "Marte" el día 2 de abril de 1903 / (Record no. 167731)

MARC details
000 -LEADER
campo de control de longitud fija 00728nam a2200181 i 4500
001 - NÚMERO DE CONTROL
campo de control 167731
003 - IDENTIFICADOR DE NÚMERO DE CONTROL
campo de control ES-MaACL
005 - FECHA Y HORA DE LA ÚLTIMA TRANSACCIÓN
campo de control 20230906213602.0
008 - DATOS DE LONGITUD FIJA--INFORMACIÓN GENERAL
campo de control de longitud fija 050927s1903 sp ad | |||||||| ||spa d
040 ## - FUENTE DE CATALOGACIÓN
Centro catalogador/agencia de origen CAM
Lengua de catalogación spa
Centro/agencia transcriptor CAM
100 1# - ENTRADA PRINCIPAL--NOMBRE DE PERSONA
Nombre de persona Vives y Vich, Pedro.
9 (RLIN) 115599
245 10 - MENCIÓN DEL TÍTULO
Título Detalles de la ascensión libre del globo "Marte" el día 2 de abril de 1903 /
Mención de responsabilidad, etc. por Pedro Vives y Vich.
260 ## - PUBLICACIÓN, DISTRIBUCIÓN, ETC.
Lugar de publicación, distribución, etc. Madrid :
Nombre del editor, distribuidor, etc. [s.n.],
Fecha de publicación, distribución, etc. 1903 (
Fabricante Imprenta del Memorial de Ingenieros)
300 ## - DESCRIPCIÓN FÍSICA
Extensión 15 p. :
Otras características físicas gráf. ;
Dimensiones 26 cm.
650 #4 - PUNTO DE ACCESO ADICIONAL DE MATERIA--TÉRMINO DE MATERIA
Término de materia o nombre geográfico como elemento de entrada Aerostática-
Subdivisión geográfica España-
Subdivisión de forma Fuentes.
9 (RLIN) 135511
650 #4 - PUNTO DE ACCESO ADICIONAL DE MATERIA--TÉRMINO DE MATERIA
Término de materia o nombre geográfico como elemento de entrada Meteorología-
Subdivisión general Observaciones.
9 (RLIN) 161087
852 ## - LOCALIZACIÓN
Ubicación ES-MaACL
Número de control de estantería T-1051-F-6
Nota libre -- Enc. hol., conservando la cub. original
-- -- Enc. en un vol. facticio
Holdings
Estatus retirado Estado de pérdida Estado de daño No para préstamo Colección Biblioteca de origen Biblioteca actual Ubicación en estantería Fecha de adquisición Total de préstamos Signatura topográfica completa Código de barras Visto por última vez Precio de reemplazo Tipo de ítem Koha
        Colección de folletos Biblioteca del Ateneo de Madrid Biblioteca del Ateneo de Madrid Depósito folletos 17/01/2008   T-1051-F-6 1175966 23/02/2023 23/02/2023 Folleto